书目信息 |
| 题名: |
中国书法大字典
|
|
| 作者: | 林宏元 主编 | |
| 分册: | ||
| 出版信息: | 香港 中外出版社 1976.11 |
|
| 页数: | 1596页 | |
| 开本: | 26cm | |
| 丛书名: | ||
| 单 册: | ||
| 中图分类: | J292-61 , J292 | |
| 科图分类: | ||
| 主题词: | 法帖--中国--古代 | |
| 电子资源: | ||
| ISBN: | ||
| 000 | 00708nam0 2200241 45 | |
| 001 | 0192016503 | |
| 005 | 20061116111737.32 | |
| 010 | @d不详 | |
| 100 | @a19920528e1976 em y0chiy0121 ea | |
| 101 | 0 | @achi |
| 105 | @ay z 001yy | |
| 200 | 10 | @a中国书法大字典@AZHONG GUO SHU FA DA ZI DIAN@f林宏元主编@FLIN HONG YUAN ZHU BIAN |
| 205 | @a修订版@b影印本 | |
| 210 | @a香港@c中外出版社@d1976.11 | |
| 215 | @a1596页@d26cm | |
| 330 | @a本书收集中国历代书法家手迹310余部430余卷,以楷、行、草书为主体。 | |
| 540 | 1 | @a书法@ASHU FA |
| 606 | @a法帖@y中国@z古代 | |
| 690 | @aJ292-61@v三版 | |
| 690 | @aJ292@v3 | |
| 701 | 0 | @a林宏元@ALIN HONG YUAN@4主编 |
| 801 | 0 | @aCN@bTSSF@c20061116 |
| 905 | @a10447@dJ292@e72 | |
| 中国书法大字典/林宏元主编.-修订版,影印本.-香港:中外出版社,1976.11 |
| 1596页;26cm |
| ISBN :不详 |
| 本书收集中国历代书法家手迹310余部430余卷,以楷、行、草书为主体。 |
| ● |
| 相关链接 |
|
|
|
|
正题名:中国书法大字典
索取号:J292/72
 
预约/预借
| 序号 | 登录号 | 条形码 | 馆藏地/架位号 | 状态 | 备注 |
| 1 | 0098163 | 202112515 | 第一样本阅览室/ [索取号:J292/72] | 在馆 |